| 000 | 00625cam a2200253 i 4500 | ||
|---|---|---|---|
| 001 | 0000533 | ||
| 003 | DO-SdBNP | ||
| 005 | 20180207085507.0 | ||
| 007 | 0000533 | ||
| 008 | 100514s 1962 sp | |||| 000 f spa | ||
| 015 | _a | ||
| 017 |
_a _b |
||
| 035 | _a | ||
| 040 |
_aBPMSU _bspa _cBPMSU _e |
||
| 080 | _a | ||
| 100 | 1 | _aTudela, Mariano | |
| 245 | 1 | 0 |
_aVida del joven Andersen / _h _cMariano Tudela |
| 260 |
_aMadrid : _bDoncel, _c1962. |
||
| 300 |
_a153 p.: _c22 m |
||
| 586 | _aPremio Doncel de biografĂa 1962 | ||
| 942 |
_2ddc _cBK |
||
| 945 | _ainventariado, 2018 / dg | ||
| 956 |
_aYLOCKWARD _810 _cBPMSU |
||
| 999 |
_c10858 _d10858 |
||